| 000 | 01075nam a22002654a 4500 | ||
|---|---|---|---|
| 005 | 20100320140045.0 | ||
| 008 | 060124s2005 paua 001 0 eng | ||
| 010 | _aB-379399 | ||
| 020 |
_a9781845431983 _c795.00 |
||
| 035 | _aB-379399 | ||
| 037 | _bPansy Books | ||
| 040 |
_adpl _bEnglish |
||
| 082 | _a712.6 | ||
| 100 | _aBlundell, Lynne | ||
| 245 |
_aGarden details: _cby Lynne Blundell _bdecorative elements for your garden / |
||
| 260 |
_bApple Press _c2007 _aHove |
||
| 270 |
_aSheridan House, 114 Western Road, Hove, East Sussex _bUnited Kingdom |
||
| 300 |
_a224 p. : _bcol. photos _c29 cm(Hb) |
||
| 500 | _aIncludes glossary and index | ||
| 650 |
_a Gardens _x Design. |
||
| 650 | _aGarden ornaments and furniture. | ||
| 942 |
_2ddc _cEN _mBLU _h712.6 |
||
| 999 |
_c34809 _d34809 |
||